| 000 | 01397nam a2200349 a 4500 | ||
|---|---|---|---|
| 001 | 000043528 | ||
| 003 | DO-SdBNP | ||
| 005 | 20180316151657.0 | ||
| 007 | 000043528 | ||
| 008 | 140324s2003 dr ad 000 0 spa d | ||
| 020 | _a9993403636 | ||
| 040 |
_aBPMSU _bspa _cBPMSU |
||
| 092 |
_a553.282 _bP497i |
||
| 245 | 0 | 3 |
_aEl petróleo y su incidencia en la economía y el desarrollo de la República Dominicana / _cLeonel Fernández Reyna...[et al.]. |
| 260 |
_aSanto Domingo : _bFUNGLODE, _c2003. |
||
| 300 |
_a283 p. : _bil., gráfcs. ; _c24 cm. |
||
| 490 | 1 |
_aEnergía _v1 |
|
| 500 | _aIncluye las ponencias y trabajos presentados en el Seminario "El petróleo y su incidencia en la economía y el desarrollo de la República Dominicana", celebrado del 13-15 de febrero del 2001, en FUNGLODE. | ||
| 650 | 4 |
_aPETRÓLEO _zREPÚBLICA DOMINICANA _xCONGRESOS, CONFERENCIAS, ETC. |
|
| 650 | 4 | _aHIDROCARBUROS | |
| 650 | 4 |
_aRECURSOS ENERGÉTICOS RENOVABLES _zREPÚBLICA DOMINICANA |
|
| 700 | 1 | 2 | _aFernández Reyna, Leonel |
| 710 | 2 | _aFundación Global Democracia y Desarrollo (República Dominicana) | |
| 830 | 0 |
_aEnergía _n1 |
|
| 910 | _aValidado. Control de la calidad EMS | ||
| 930 | 1 |
_l _m _h _8 _f _p _g |
|
| 942 |
_2ddc _cBK |
||
| 945 | _aRemanejado para la BNPHU, 2018 / BT | ||
| 956 |
_a _b _c _l _h103 |
||
| 956 |
_aVMATEO _b10 _c20140502 _lBPMSU _h0069 |
||
| 956 |
_a _b _c _l _h |
||
| 999 |
_c7683 _d7683 |
||